| 000 | 00517nam a22001817a 4500 | ||
|---|---|---|---|
| 005 | 20240123101349.0 | ||
| 008 | 240123b |||||||| |||| 00| 0 eng d | ||
| 020 | _a9788131519011 | ||
| 082 |
_a612 _bSHE-E |
||
| 100 | _aSherwood, Lauralee | ||
| 245 |
_aEssentials of physiology/ _cLauralee Sherwood |
||
| 250 | _a4th ed. | ||
| 260 |
_aIndia: _bCengage Learning; _c2012. |
||
| 300 |
_axxvi, 626 p. : _bill; _c27.5 cm. |
||
| 500 | _aInclude Appendix,Glossary and index. | ||
| 650 | _aPhysiology/Medical | ||
| 999 |
_c35104 _d35104 |
||